Loading...
| Social Science | 0 | 5 | 0 | 0 | 50 | 25 | 51.40 | 2 | 3 | 0.00 | 0.00 |
| Literature - British | 0 | 5 | 0 | 1 | 50 | 22 | 75.20 | 1 | 4 | 0.00 | 0.00 |
| Philosophy | 0 | 5 | 0 | 0 | 50 | 23 | 45.20 | 3 | 4 | 0.00 | 0.00 |
| Mythology | 0 | 4 | 0 | 1 | 40 | 49 | 56.50 | 0 | 2 | 0.00 | 0.00 |
| Religion | 0 | 4 | 0 | 0 | 40 | 65 | 83.00 | 0 | 2 | 0.00 | 0.00 |
| Literature - American | 0 | 4 | 0 | 1 | 40 | 39 | 62.25 | 1 | 2 | 0.00 | 0.00 |
| Literature - World | 0 | 5 | 2 | 1 | 40 | 47 | 76.20 | 1 | 3 | 0.00 | 0.00 |
| Painting/Sculpture | 0 | 3 | 0 | 0 | 30 | 57 | 76.00 | 1 | 1 | 0.00 | 0.00 |
| History - European | 0 | 2 | 0 | 0 | 20 | 52 | 52.50 | 0 | 1 | 0.00 | 0.00 |
| Literature - European | 0 | 3 | 2 | 0 | 20 | 16 | 46.33 | 1 | 2 | 0.00 | 0.00 |
| History - Other | 0 | 3 | 2 | 0 | 20 | 39 | 45.00 | 0 | 2 | 0.00 | 0.00 |
| History - World | 0 | 2 | 1 | 0 | 15 | 41 | 50.50 | 0 | 1 | 0.00 | 0.00 |
| History - American | 0 | 2 | 1 | 0 | 15 | 49 | 51.00 | 0 | 1 | 0.00 | 0.00 |
| Science - Biology | 0 | 1 | 0 | 0 | 10 | 64 | 64.00 | 1 | 1 | 0.00 | 0.00 |
| Science - Chemistry | 0 | 1 | 0 | 0 | 10 | 52 | 52.00 | 0 | 0 | 0.00 | 0.00 |
| Current Events | 0 | 1 | 0 | 0 | 10 | 87 | 87.00 | 0 | 1 | 0.00 | 0.00 |
| Fine Arts - Classical Music | 0 | 1 | 0 | 1 | 10 | 108 | 108.00 | 0 | 0 | 0.00 | 0.00 |
| Fine Arts - Other | 0 | 1 | 1 | 0 | 5 | 54 | 54.00 | 0 | 1 | 0.00 | 0.00 |
| Geography | 0 | 1 | 3 | 1 | -5 | 118 | 118.00 | 0 | 0 | 0.00 | 0.00 |